Online Catalogue and eLibrary

Samaja viddyawe muuladarma (Record no. 979)

MARC details
000 -LEADER
fixed length control field 00411nam a2200157Ia 4500
005 - DATE AND TIME OF LATEST TRANSACTION
control field 20250519020158.0
008 - FIXED-LENGTH DATA ELEMENTS--GENERAL INFORMATION
fixed length control field 240331s9999 xx 000 0 und d
020 ## - INTERNATIONAL STANDARD BOOK NUMBER
ISBN 9555520062
082 ## - DDC Classification
Class No. 300
Item Number - Author Mark RAT
100 ## - MAIN ENTRY--PERSONAL NAME
Personal name Rathnapala, N
245 #0 - TITLE STATEMENT
Title Samaja viddyawe muuladarma
260 ## - PUBLICATION, DISTRIBUTION, ETC.
Place of publication, distribution, etc. Colombo
Name of publisher, distributor, etc. Lake House Publications
Date of publication, distribution, etc. 1986
300 ## - PHYSICAL DESCRIPTION
Extent (e.g. Volumes, Pages etc.) 210 p .,
500 ## - GENERAL NOTE
General note A Book of Principles of Social Science
942 ## - Koha item type (Biblio)
Koha item type Books in Stacks (Lending)
Holdings
Lost status Damaged status Collection code Home library Current library Shelving location Date acquired Full call number Accession Number Item type
    Lending WERC Library WERC Library Social Science Cupboard 03/31/2024 300 RAT 1121 Books in Stacks (Lending)

© WERC Library